[Event "EM for hold 2023"]
[Site "Budva"]
[Date "2023.11.11"]
[Round "1.1"]
[White "Bjerre, Jonas Buhl"]
[Black "Radjabov, Teimour"]
[Result "1/2-1/2"]
[WhiteElo "2633"]
[BlackElo "2745"]
[WhiteFideId "1444948"]
[BlackFideId "13400924"]
[EventDate "2023.11.11"]
[EventType "team-swiss"]
[EventRounds "9"]
[EventCountry "MNE"]
[SourceTitle "Live from Chess24"]
[WhiteTeam "Denmark"]
[BlackTeam "Azerbadjan"]
[WhiteTeamCountry "DEN"]
[BlackTeamCountry "AZE"]

1. e4  e5  2. Nf3  Nf6  3. Nxe5  d6  4. Nf3 
Nxe4  5. d4  d5  6. Bd3  Bf5  7. O-O  Be7  8.
Re1  O-O  9. Nbd2  Nd6  10. Nf1  Bxd3  11. Qxd3  c6  12. Bf4  Na6  13.
Re2  Nc7  14. Rae1  Ne6  15. Bxd6  Bxd6  16. g3 
Qf6  17. Ne5  Rfe8  18. c3  Bxe5  19. Rxe5  Nc7 
20. Nd2  Rxe5  21. Rxe5  Re8
 22. Nf3  Rxe5  23. Nxe5  Qe6  24. Qf3  Ne8  25.
Qf4  f6  26. Nd3  Nd6  27. Nc5  Qe7  28. Qg4 
g6  29. Kf1  Kf7  30. Qe2  b6  1/2-1/2

[Event "EM for hold 2023"]
[Site "Budva"]
[Date "2023.11.11"]
[Round "1.2"]
[White "Mamedyarov, Shakhriyar"]
[Black "Andersen, Mads"]
[Result "0-1"]
[WhiteElo "2734"]
[BlackElo "2612"]
[WhiteFideId "13401319"]
[BlackFideId "1413864"]
[EventDate "2023.11.11"]
[EventType "team-swiss"]
[EventRounds "9"]
[EventCountry "MNE"]
[SourceTitle "Live from Chess24"]
[WhiteTeam "Azerbadjan"]
[BlackTeam "Denmark"]
[WhiteTeamCountry "AZE"]
[BlackTeamCountry "DEN"]

1. d4  d5  2. Nf3  Nf6  3. Bf4  c5  4. e3  e6
 5. Nbd2  Qb6  6. c4  Nc6  7. Bd3  cxd4  8.
exd4  Nxd4  9. O-O  Be7  10. cxd5  Nxf3+  11. Qxf3  exd5  12. Rfe1  Be6 
13. Nb3  O-O  14. Be3  Qd6  15. Bf4  Qb6  16. Be3 
Qd6  17. Bc5  Qd8  18. Bd4  b6  19. h3  Rc8  20.
Rad1  Qd7  21. Bc3  Qb7  22. Nd4  Ne4  23. Rxe4 
dxe4  24. Bxe4  Qc7  25. Nxe6
 fxe6  26. Qh5  g6  27. Qg4  Kf7  28. Rd3 
Bf6  29. Bb4  Rfd8  30. Rg3
 Rg8  31. Rf3  Kg7  32. h4  Bxb2  33. h5 
Qe5  34. h6+  Kh8  35. Bd2  Bc1  36. Bb4  Bxh6  37.
g3  Rc4  0-1

[Event "EM for hold 2023"]
[Site "Budva"]
[Date "2023.11.11"]
[Round "1.3"]
[White "Thybo, Jesper Sondergaard"]
[Black "Mamedov, Rauf"]
[Result "1/2-1/2"]
[WhiteElo "2522"]
[BlackElo "2644"]
[WhiteFideId "1438832"]
[BlackFideId "13401653"]
[EventDate "2023.11.11"]
[EventType "team-swiss"]
[EventRounds "9"]
[EventCountry "MNE"]
[SourceTitle "Live from Chess24"]
[WhiteTeam "Denmark"]
[BlackTeam "Azerbadjan"]
[WhiteTeamCountry "DEN"]
[BlackTeamCountry "AZE"]

1. d4  Nf6  2. c4  c6  3. Nf3  d5  4. e3  Bf5
 5. Nc3  e6  6. Nh4  Bg6  7. Nxg6  hxg6  8.
Qb3  Qc7  9. g3  Nbd7  10. Bg2  Be7  11. O-O 
O-O  12. a3  Rfd8  13. Rd1  Rac8  14. e4  dxe4  15.
Nxe4  Nxe4  16. Bxe4  e5  17. Be3  exd4  18. Bxd4  Bc5  19. Qe3  Bxd4  20.
Rxd4  Re8  21. Qd2  Nc5  22. Bc2  Qe5  23. Rd1 
Ne6  24. Rd7  Rcd8  25. Qe3
 Qxb2  26. Rxd8  Rxd8  27. Rxd8+  Nxd8  28. Qe8+  Kh7  29. Qxd8  Qxc2 
30. Qh4+  Kg8  31. Qd8+  Kh7
 32. Qh4+  Kg8  33. Qd8+  Kh7  34. Qh4+  1/2-1/2

[Event "EM for hold 2023"]
[Site "Budva"]
[Date "2023.11.11"]
[Round "1.4"]
[White "Abasov, Nijat"]
[Black "Ochsner, Bjorn Moller"]
[Result "1/2-1/2"]
[WhiteElo "2679"]
[BlackElo "2534"]
[WhiteFideId "13402960"]
[BlackFideId "1416928"]
[EventDate "2023.11.11"]
[EventType "team-swiss"]
[EventRounds "9"]
[EventCountry "MNE"]
[SourceTitle "Live from Chess24"]
[WhiteTeam "Azerbadjan"]
[BlackTeam "Denmark"]
[WhiteTeamCountry "AZE"]
[BlackTeamCountry "DEN"]

1. d4  Nf6  2. Nf3  d5  3. c4  e6  4. Nc3  Nbd7
 5. cxd5  exd5  6. Bf4  Bb4  7. e3  Ne4  8. Rc1
 g5  9. Bg3  h5 
10. h4  Nxg3  11. fxg3  g4  12. Ng1  Qe7  13. Qd2 
Qd6  14. Kf2  Qf6+  15. Ke1
 Qd6  16. Kf2  Qf6+  17. Ke1  Qd6  18. Kf2 
1/2-1/2

[Event "EM for hold 2023"]
[Site "Budva"]
[Date "2023.11.12"]
[Round "2.1"]
[White "Rapport, Richard"]
[Black "Bjerre, Jonas Buhl"]
[Result "1/2-1/2"]
[WhiteElo "2748"]
[BlackElo "2633"]
[WhiteFideId "738590"]
[BlackFideId "1444948"]
[EventDate "2023.11.11"]
[EventType "team-swiss"]
[EventRounds "9"]
[EventCountry "MNE"]
[SourceTitle "Live from Chess24"]
[WhiteTeam "Hungary"]
[BlackTeam "Denmark"]
[WhiteTeamCountry "HUN"]
[BlackTeamCountry "DEN"]

1. e4  e5  2. Nf3  Nc6  3. Bc4  Bc5  4. c3  Nf6
 5. d3  O-O  6. Nbd2  d5  7. exd5  Nxd5  8.
Ne4  Be7  9. O-O  Nb6  10. Bb3  Bf5  11. a4 
a5  12. Be3  Nd5  13. Bc4  Qd7  14. Qb3  Rad8  15.
h3  h6  16. Rad1  Bg6  17. Nc5  Bxc5  18. Bxc5  Rfe8  19. Rd2  Nf4  20.
Be3  Nxd3  21. Qxb7  Rb8  22. Qa6  Ra8  23. Qb5 
Rab8  24. Qa6  Ra8  25. Qb5
 Rab8  26. Qa6  1/2-1/2

[Event "EM for hold 2023"]
[Site "Budva"]
[Date "2023.11.12"]
[Round "2.2"]
[White "Andersen, Mads"]
[Black "Deac, Bogdan Daniel"]
[Result "1/2-1/2"]
[WhiteElo "2612"]
[BlackElo "2700"]
[WhiteFideId "1413864"]
[BlackFideId "1226380"]
[EventDate "2023.11.11"]
[EventType "team-swiss"]
[EventRounds "9"]
[EventCountry "MNE"]
[SourceTitle "Live from Chess24"]
[WhiteTeam "Denmark"]
[BlackTeam "Hungary"]
[WhiteTeamCountry "DEN"]
[BlackTeamCountry "HUN"]

1. e4  e5  2. Nf3  Nc6  3. Bb5  Nf6  4. O-O 
Nxe4  5. Re1  Nd6  6. Nxe5  Be7  7. Bf1  Nf5  8.
Nf3  O-O  9. d4  d5  10. c3  Bd6  11. b3 
Be7  12. a4  Re8  13. Ra2  Nd6  14. Bd3  Bf5  15.
Bxf5  Nxf5  16. Rae2  Qd7  17. Qd3  f6  18. Bf4 
g6  19. h4  Bd6  20. Bxd6  Nxd6  21. Nbd2  Rxe2 
22. Rxe2  Qf5  23. Qxf5  Nxf5
 24. g3  Kf7  25. Ne1  Nd8  26. Nd3  Ne6  27.
Nb4  Rd8  28. Nd3  b6  29. b4  Ra8  30. Nb3 
a6  31. Ra2  h5  32. Kf1  Nd6  33. f3  Nc4  34.
Nb2  Nd6  35. Nd3  Ke7  36. Kf2  Kd7  37. Nb2 
Rg8  38. Ra1  Rf8  39. Re1  Ra8  40. Ra1  Rg8  41.
Rh1  Rb8  42. Nd1  Nc4  1/2-1/2

[Event "EM for hold 2023"]
[Site "Budva"]
[Date "2023.11.12"]
[Round "2.3"]
[White "Shevchenko, Kirill"]
[Black "Ochsner, Bjorn Moller"]
[Result "1-0"]
[WhiteElo "2665"]
[BlackElo "2534"]
[WhiteFideId "14129574"]
[BlackFideId "1416928"]
[EventDate "2023.11.11"]
[EventType "team-swiss"]
[EventRounds "9"]
[EventCountry "MNE"]
[SourceTitle "Live from Chess24"]
[WhiteTeam "Hungary"]
[BlackTeam "Denmark"]
[WhiteTeamCountry "HUN"]
[BlackTeamCountry "DEN"]

1. c4  e6  2. Nc3  d5  3. d4  Bb4  4. a3 
Bxc3+  5. bxc3  Nf6  6. e3  c6  7. Bd3  e5  8. Ne2
 e4  9. Bb1  O-O 
10. O-O  Re8  11. Ng3  b6  12. f3  exf3  13. gxf3 
Ba6  14. e4  Bxc4  15. Rf2  dxe4  16. fxe4  Nbd7 
17. Qf3  Be6  18. Nf5  Bxf5
 19. Qxf5  Qe7  20. Bg5  h6  21. Bxf6  Qxf6  22.
Qxd7  Qg5+  23. Kf1  Qc1+  24. Kg2  Qg5+  25. Kf3 
Re6  26. Ke2  Qg4+  27. Kd2
 Qg5+  28. Kd3  Qb5+  29. Kc2  Rxe4  30. Qxf7+  Kh8  31. a4  Re2+  32.
Rxe2  Qxe2+  33. Kb3  c5  34. Qf5  c4+  35. Ka3 
Qe7+  36. Kb2  g6  37. Qxg6
 1-0

[Event "EM for hold 2023"]
[Site "Budva"]
[Date "2023.11.12"]
[Round "2.4"]
[White "Rasmussen, Allan Stig"]
[Black "Nisipeanu, Liviu Dieter"]
[Result "1/2-1/2"]
[WhiteElo "2507"]
[BlackElo "2591"]
[WhiteFideId "1406000"]
[BlackFideId "1202758"]
[EventDate "2023.11.11"]
[EventType "team-swiss"]
[EventRounds "9"]
[EventCountry "MNE"]
[SourceTitle "Live from Chess24"]
[WhiteTeam "Denmark"]
[BlackTeam "Hungary"]
[WhiteTeamCountry "DEN"]
[BlackTeamCountry "HUN"]

1. d4  Nf6  2. c4  g6  3. Nc3  Bg7  4. e4  d6
 5. Nf3  O-O  6. Be2  e5  7. O-O  Na6  8. Re1
 Bg4  9. Be3  Bxf3  10. Bxf3  exd4  11. Bxd4  c6  12. Qd2  Re8  13.
Rad1  h5  14. Be3  Nc5  15. Bf4  Qb6  16. Bxd6 
Nfd7  17. Qc2  Ne5  18. Be2
 Rad8  19. a3  Ncd3  20. Bxd3  Rxd6  21. Be2  Rxd1  22. Rxd1  Ng4 
23. Bxg4  hxg4  24. Rd3  Qc5
 25. Qb3  Bd4  26. Kf1  Qe5  27. h3  Bxc3  28.
Qxc3  Qh2  29. f3  gxh3  30. gxh3  Qxh3+  1/2-1/2

[Event "EM for hold 2023"]
[Site "Budva"]
[Date "2023.11.13"]
[Round "3.1"]
[White "Anton Guijarro, David"]
[Black "Bjerre, Jonas Buhl"]
[Result "1-0"]
[WhiteElo "2668"]
[BlackElo "2633"]
[WhiteFideId "2285525"]
[BlackFideId "1444948"]
[EventDate "2023.11.11"]
[EventType "team-swiss"]
[EventRounds "9"]
[EventCountry "MNE"]
[SourceTitle "Live from Chess24"]
[WhiteTeam "Spain"]
[BlackTeam "Denmark"]
[WhiteTeamCountry "ESP"]
[BlackTeamCountry "DEN"]

1. d4  Nf6  2. c4  e6  3. Nf3  d5  4. Nc3 
Nbd7  5. cxd5  exd5  6. Bf4
 c6  7. e3  Nh5 
8. Bg5  Be7  9. Bxe7  Qxe7  10. Be2  g6  11. O-O 
O-O  12. Re1  Ng7  13. a3  a5  14. Qd2  Nf6  15.
Ne5  Bf5  16. f3  Nd7  17. Nxd7  Bxd7  18. Na4  Rfe8  19. Bf1  Qd6  20.
Nb6  Ra7  21. b4  axb4  22. Qxb4  Qxb4  23. axb4  Rxa1  24. Rxa1  Be6 
25. Kf2  Nf5  26. b5  Rb8  27. Rc1  Ne7  28. g4 
f5  29. h3  Rf8  30. Kg3  g5  31. Bd3  f4+  32.
Kf2  fxe3+  33. Kxe3  Rf6  34. bxc6  bxc6  35. Ra1  h5  36. Ra7  Kf7  37.
Na4  hxg4  38. hxg4  Rh6  39. Nc5  Rh3  40. Kf2 
Rh1  41. Bg6+  Kf6  42. Be8
 Rh2+  43. Ke3  Rh8  44. Bd7  Bxd7  45. Nxd7+  Ke6  46. Ne5  Rc8  47.
Ra1  Rh8  48. Rc1  Kf6  49. Rc2  Rh1  50. Nxc6 
Ng6  51. Nb4  Nf4  52. Nd3  Ne6  53. Rc1  Rh2  54.
Ra1  Rc2  55. Ra5  Rc3  56. Rxd5  Nf4  57. Rf5+  Ke6  58. Rxf4  gxf4+ 
59. Ke4  Kf6  60. Nxf4  Rc4
 61. Nd5+  Ke6  62. f4  Rc1  63. g5  Rg1  64.
f5+  Kf7  65. g6+  Kg7  66. Ne3  Ra1  67. Ke5 
Ra3  68. Ng4  Ra4  69. Nf6  Ra7  70. Nh5+  Kh6  71.
Nf4  1-0

[Event "EM for hold 2023"]
[Site "Budva"]
[Date "2023.11.13"]
[Round "3.2"]
[White "Andersen, Mads"]
[Black "Santos Latasa, Jaime"]
[Result "0-1"]
[WhiteElo "2612"]
[BlackElo "2635"]
[WhiteFideId "1413864"]
[BlackFideId "2293307"]
[EventDate "2023.11.11"]
[EventType "team-swiss"]
[EventRounds "9"]
[EventCountry "MNE"]
[SourceTitle "Live from Chess24"]
[WhiteTeam "Denmark"]
[BlackTeam "Spain"]
[WhiteTeamCountry "DEN"]
[BlackTeamCountry "ESP"]

1. e4  e6  2. d4  d5  3. e5  c5  4. c3  Nc6
 5. Nf3  Qb6  6. a3  Bd7  7. b4  cxd4  8.
cxd4  Rc8  9. Be3  Nh6  10. Bd3  Ng4  11. Nbd2 
Nxe3  12. fxe3  Nd8  13. Qe2
 Rc3  14. Kf2  Qc7  15. Nb1  Rc1  16. Rxc1 
Qxc1  17. Ra2  Ba4  18. b5  Be7  19. Qd2  Qc7  20.
Qc3  Qd7  21. Qa5  Bd1  22. Qxa7  Bxf3  23. gxf3  f6  24. Rc2  O-O  25.
Nd2  Nf7  26. exf6  Bxf6  27. Kg2  e5  28. Qc5 
Ng5  29. Kh1  exd4  30. e4  Nh3  31. Bf1  Nf2+  32.
Kg1  d3  33. Ra2  dxe4  34. Qc4+  Kh8  35. Kxf2  Bd4+  36. Ke1  Rc8  37.
fxe4  Rxc4  38. Nxc4  Bc3+  0-1

[Event "EM for hold 2023"]
[Site "Budva"]
[Date "2023.11.13"]
[Round "3.3"]
[White "Shirov, Alexei"]
[Black "Thybo, Jesper Sondergaard"]
[Result "1/2-1/2"]
[WhiteElo "2668"]
[BlackElo "2522"]
[WhiteFideId "2209390"]
[BlackFideId "1438832"]
[EventDate "2023.11.11"]
[EventType "team-swiss"]
[EventRounds "9"]
[EventCountry "MNE"]
[SourceTitle "Live from Chess24"]
[WhiteTeam "Spain"]
[BlackTeam "Denmark"]
[WhiteTeamCountry "ESP"]
[BlackTeamCountry "DEN"]

1. e4  e5  2. Nf3  Nc6  3. Bc4  Bc5  4. d3  Nf6
 5. Bg5  h6  6. Bh4  O-O  7. a4  Be7  8. Bg3
 d6  9. Nc3  Be6 
10. Bxe6  fxe6  11. a5  a6  12. O-O  Qe8  13. d4 
exd4  14. Nxd4  Nxd4  15. Qxd4
 Nh5  16. Qc4  Qd7  17. Nd5  Bd8  18. Ne3 
c6  19. b4  d5  20. Qb3  Bg5  21. Rad1  Rad8 
22. Ng4  Qf7  23. Rde1  Nxg3
 24. hxg3  Qh5  25. f3  Be7  26. exd5  Qxd5 
27. c4  Qd3  28. Qxd3  Rxd3
 29. c5  h5  30. Nf2  Rb3  31. Rxe6  Bf6  32.
Ne4  Rxb4  33. Rd1  Rd4  34. Nxf6+  Rxf6  35. Re8+  Kf7  36. Rxd4  Kxe8 
37. g4  hxg4  38. Rxg4  Kf8
 39. Kf2  Rf5  40. Rc4  Rd5  41. Ke2  Kf7  42.
f4  g5  43. Kf3  1/2-1/2

[Event "EM for hold 2023"]
[Site "Budva"]
[Date "2023.11.13"]
[Round "3.4"]
[White "Rasmussen, Allan Stig"]
[Black "Yuffa, Daniil"]
[Result "1-0"]
[WhiteElo "2507"]
[BlackElo "2600"]
[WhiteFideId "1406000"]
[BlackFideId "24131423"]
[EventDate "2023.11.11"]
[EventType "team-swiss"]
[EventRounds "9"]
[EventCountry "MNE"]
[SourceTitle "Live from Chess24"]
[WhiteTeam "Denmark"]
[BlackTeam "Spain"]
[WhiteTeamCountry "DEN"]
[BlackTeamCountry "ESP"]

1. c4  e5  2. g3  Nc6  3. Bg2  g6  4. Nc3  Bg7
 5. d3  d6  6. Nf3  Nge7  7. O-O  O-O  8.
Rb1  a5  9. a3  Re8  10. Nd2  Nd4  11. b4 
axb4  12. axb4  c6  13. e3  Ne6  14. Qb3  Nc7  15.
b5  Bf5  16. Nde4  d5  17. Nc5  dxc4  18. dxc4  Bxb1  19. Qxb1  Rb8 
20. Rd1  Qc8  21. Nd7  Ncd5
 22. cxd5  Qxd7  23. dxc6  Qc8  24. Ne4  bxc6  25.
Nd6  Qg4  26. Qb3  Rf8  27. h3  Qh5  28. g4 
Qh4  29. b6  h5  30. gxh5  Qxh5  31. b7  e4  32.
Ba3  Nd5  33. Rc1  Qe2  34. Nxe4  Qa6  35. Nc5 
Qa7  36. Rc4  Qa5  37. Nd7  Nxe3  38. fxe3  Qe1+ 
39. Kh2  Rfd8  40. Bd6  Qd2
 41. Bxb8  Rxb8  42. Nxb8  Be5+  43. Rf4  1-0

[Event "EM for hold 2023"]
[Site "Budva"]
[Date "2023.11.14"]
[Round "4.1"]
[White "Bjerre, Jonas Buhl"]
[Black "Dardha, Daniel"]
[Result "1-0"]
[WhiteElo "2633"]
[BlackElo "2575"]
[WhiteFideId "1444948"]
[BlackFideId "240990"]
[EventDate "2023.11.11"]
[EventType "team-swiss"]
[EventRounds "9"]
[EventCountry "MNE"]
[SourceTitle "Live from Chess24"]
[WhiteTeam "Denmark"]
[BlackTeam "Belgium"]
[WhiteTeamCountry "DEN"]
[BlackTeamCountry "BEL"]

1. d4  Nf6  2. c4  e6  3. Nc3  Bb4  4. Nf3 
O-O  5. Bg5  h6  6. Bh4  c5  7. e3  d6  8. Qc2
 Nc6  9. d5  exd5  10. cxd5  g5  11. Bg3 
Nxd5  12. Bc4  Be6  13. Bxd5
 Bxd5  14. Rd1  Bxf3  15. gxf3  Qf6  16. Rxd6  Bxc3+  17. bxc3  Qxf3 
18. Rxh6  Rfd8  19. Rg1  Rd5
 20. Bd6  f5  21. Rxg5+  Kf7  22. Bf4  Rg8  23.
Rh7+  Kf8  24. Bd6+  1-0

[Event "EM for hold 2023"]
[Site "Budva"]
[Date "2023.11.15"]
[Round "5.1"]
[White "Bjerre, Jonas Buhl"]
[Black "Bacrot, Etienne"]
[Result "1/2-1/2"]
[WhiteElo "2633"]
[BlackElo "2668"]
[WhiteFideId "1444948"]
[BlackFideId "605506"]
[EventDate "2023.11.11"]
[EventType "team-swiss"]
[EventRounds "9"]
[EventCountry "MNE"]
[SourceTitle "Live from Chess24"]
[WhiteTeam "Denmark"]
[BlackTeam "France"]
[WhiteTeamCountry "DEN"]
[BlackTeamCountry "FRA"]

1. e4  c5  2. Nf3  e6  3. c3  d5  4. exd5 
Qxd5  5. d4  Nf6  6. Na3  a6  7. Nc4  Nbd7  8.
Be2  b5  9. Na5  Bd6  10. c4  bxc4  11. Nxc4 
O-O  12. Nxd6  Qxd6  13. O-O
 a5  14. dxc5  Qxc5  15. Be3  Qb4  16. b3 
Nd5  17. Bd2  Qb6  18. Bc4  N7f6  19. Qe2  Ba6  20.
Ne5  a4  21. bxa4  Bxc4  22. Nxc4  Qd4  23. Rfe1  Rxa4  24. Ne5  Rfa8 
25. Bg5  Ne4  26. Nf3  Qb4  27. Qc2  h6  28. Bc1 
Qc5  29. Qxc5  Nxc5  30. a3
 f6  31. Bb2  Nd3  32. Re2  Rb8  33. Bc1 
e5  34. g3  Nxc1  35. Rxc1  Rxa3  36. Nh4  Rab3 
37. Nf5  Rb1  38. Rxb1  Rxb1+
 39. Kg2  Rb7  40. Rd2  Ne7  41. Nxe7+  Rxe7 
42. h4  h5  43. Ra2  Kf7  44. Ra4  Ke6  45. Rb4 
Kf5  46. Ra4  Rd7  47. Rb4  Rd4  48. Rb7  g5  49.
hxg5  Kxg5  50. Rg7+  Kh6  51. Rg8  Kh7  52. Re8 
h4  53. gxh4  Rxh4  54. Kf3
 Kg6  55. Ke3  Kf5  56. f3  Ra4  57. Rb8 
Ra3+  58. Ke2  Kg6  59. Rb5
 Kg5  60. Kf2  Rd3  61. Ke2  Rd4  62. Ke3 
Ra4  63. Rc5  Kf5  64. Rb5  Ra6  65. Rb4  Ke6  66.
f4  Ra3+  67. Ke2  1/2-1/2

[Event "EM for hold 2023"]
[Site "Budva"]
[Date "2023.11.15"]
[Round "5.2"]
[White "Moussard, Jules"]
[Black "Andersen, Mads"]
[Result "1/2-1/2"]
[WhiteElo "2639"]
[BlackElo "2612"]
[WhiteFideId "642908"]
[BlackFideId "1413864"]
[EventDate "2023.11.11"]
[EventType "team-swiss"]
[EventRounds "9"]
[EventCountry "MNE"]
[SourceTitle "Live from Chess24"]
[WhiteTeam "France"]
[BlackTeam "Denmark"]
[WhiteTeamCountry "FRA"]
[BlackTeamCountry "DEN"]

1. e4  e5  2. Nf3  Nc6  3. Bb5  a6  4. Ba4  Nf6
 5. O-O  Be7  6. Re1  b5  7. Bb3  O-O  8. a4
 Bb7  9. d3  Re8 
10. Bg5  h6  11. axb5  axb5
 12. Rxa8  Bxa8  13. Bxf6  Bxf6  14. Nc3  b4  15.
Nd5  Na5  16. Nxb4  Nxb3  17. cxb3  Qb8  18. Na2 
Qb6  19. Nc3  Rb8  20. Nd2  d6  21. g3  Bg5  22.
Nc4  Qxb3  23. Qxb3  Rxb3  24. Ra1  Rb8  25. Ra7 
Bd8  26. b4  Bc6  27. b5  Ra8  28. Rxa8  Bxa8 
29. Na5  Kf8  30. Nc6  Ke8  31. Nxd8  Kxd8  32. f4 
c6  33. b6  exf4  34. gxf4  Kc8  35. Nd1  Kb7  36.
Ne3  Kxb6  37. Nf5  Kc7  38. Nxg7  c5  39. Kf2 
c4  40. Ke3  cxd3  41. Kxd3
 Bc6  42. Nf5  h5  43. Ng3  h4  44. Nf5 
h3  45. Nh6  Be8  46. Kd4  Kd7  47. Ng4  Ke7  48.
Nf2  Bd7  49. f5  Bc6  50. Nxh3  Kf6  51. Nf4 
Kg5  52. Nd5  Bb7  53. h3  Bc6  54. Ne7  Bb7  55.
Nd5  Bc6  56. Ne7  Bb7  57. Ng8  Ba8  58. f6 
Bb7  59. Ke3  Bc8  60. h4+  Kxh4  61. Kf4  Kh5  62.
Ne7  Be6  63. e5  dxe5+  64. Kxe5  Kg5  65. Ng8 
Bf5  66. Ne7  Be6  67. Ng8  Bf5  68. Ne7  1/2-1/2

[Event "EM for hold 2023"]
[Site "Budva"]
[Date "2023.11.15"]
[Round "5.3"]
[White "Thybo, Jesper Sondergaard"]
[Black "Lagarde, Maxime"]
[Result "1/2-1/2"]
[WhiteElo "2522"]
[BlackElo "2629"]
[WhiteFideId "1438832"]
[BlackFideId "662399"]
[EventDate "2023.11.11"]
[EventType "team-swiss"]
[EventRounds "9"]
[EventCountry "MNE"]
[SourceTitle "Live from Chess24"]
[WhiteTeam "Denmark"]
[BlackTeam "France"]
[WhiteTeamCountry "DEN"]
[BlackTeamCountry "FRA"]

1. d4  Nf6  2. c4  e6  3. Nf3  d5  4. g3  Be7
 5. Bg2  O-O  6. O-O  a5  7. Qc2  Nc6  8. a3
 dxc4  9. Qxc4  a4  10. Nc3  Bd7  11. Bf4 
Na5  12. Qxc7  Qxc7  13. Bxc7
 Nb3  14. Rad1  Rfc8  15. Bf4  Bxa3  16. Nxa4  Bxa4  17. bxa3  Nd5 
18. Bd2  Bb5  19. Rfe1  Rxa3
 20. e4  Nxd2  21. Rxd2  Nf6  22. d5  exd5  23.
exd5  Kf8  24. Ne5  Rd8  25. d6  Nd7  26. Bxb7 
Nxe5  27. Rxe5  Bd3  28. Bc6
 Rc3  29. Ba4  Ra3  30. Bc6  Rc3  31. Ba4 
Ra3  32. Re3  Ra1+  33. Bd1
 Bc2  34. Re1  Rxd1  35. Rdxd1  Bxd1  36. Rxd1  Ke8  37. Rd4  Kd7  38.
Rh4  h6  39. Rg4  g6  40. Rh4  h5  41. Rf4 
Ke6  42. Re4+  Kf6  43. Rf4+
 Ke6  44. Re4+  1/2-1/2

[Event "EM for hold 2023"]
[Site "Budva"]
[Date "2023.11.15"]
[Round "5.4"]
[White "Maurizzi, Marc Andria"]
[Black "Rasmussen, Allan Stig"]
[Result "1-0"]
[WhiteElo "2572"]
[BlackElo "2507"]
[WhiteFideId "36083534"]
[BlackFideId "1406000"]
[EventDate "2023.11.11"]
[EventType "team-swiss"]
[EventRounds "9"]
[EventCountry "MNE"]
[SourceTitle "Live from Chess24"]
[WhiteTeam "France"]
[BlackTeam "Denmark"]
[WhiteTeamCountry "FRA"]
[BlackTeamCountry "DEN"]

1. e4  e5  2. Nf3  Nc6  3. Bb5  a6  4. Ba4  Nf6
 5. Nc3  Bc5  6. O-O  O-O  7. Bxc6  dxc6  8.
d3  Bg4  9. h3  Bxf3  10. Qxf3  Nd7  11. Ne2 
Bd6  12. Ng3  Nc5  13. Nf5  Ne6  14. c3  c5  15.
Be3  Qe8  16. Qg4  f6  17. d4  cxd4  18. cxd4 
exd4  19. Bxd4  h5  20. Qe2
 Nxd4  21. Nxd4  Qe5  22. Nf3  Qb5  23. Qc2 
Rad8  24. Rad1  c6  25. Nd4
 Qe5  26. f4  Qe8  27. Qb3+  Rf7  28. Ne6 
Rdd7  29. e5  Be7  30. Rxd7
 Qxd7  31. Rd1  Qc8  32. exf6  Rxf6  33. Ng5+  Kh8  34. Qf3  g6  35.
Re1  Qd7  36. Qc3  Kg8  37. Qb3+  Kg7  38. Ne6+  Kh8  39. Qe3  Rf7  40.
Qe4  Kh7  41. Qc2  Rf6  42. Ng5+  Kh6  43. Re4 
Rf5  44. Ne6  Rf7  45. g4  Qd5  46. Re5  Qf3  47.
Rxh5+  1-0

[Event "EM for hold 2023"]
[Site "Budva"]
[Date "2023.11.17"]
[Round "6.1"]
[White "Risteski, Emil"]
[Black "Bjerre, Jonas Buhl"]
[Result "0-1"]
[WhiteElo "2379"]
[BlackElo "2633"]
[WhiteFideId "15005267"]
[BlackFideId "1444948"]
[EventDate "2023.11.11"]
[EventType "team-swiss"]
[EventRounds "9"]
[EventCountry "MNE"]
[SourceTitle "Live from Chess24"]
[WhiteTeam "North Macedonia"]
[BlackTeam "Denmark"]
[WhiteTeamCountry "MKD"]
[BlackTeamCountry "DEN"]

1. e4  c5  2. Nf3  d6  3. d4  cxd4  4. Nxd4 
Nf6  5. Nc3  a6  6. h3  e5  7. Nb3  Be6  8. f4
 b5  9. f5  Bc8 
10. Bg5  Nbd7  11. a4  b4  12. Nd5  Bb7  13. Bc4 
Be7  14. Nxe7  Qxe7  15. Bd5
 Bxd5  16. exd5  Nb6  17. Qd2  a5  18. Nxa5 
Rxa5  19. Qxb4  Qa7  20. Qxd6
 Nbd7  21. Qa3  Nb6  22. Qd6  Rxd5  23. Qc6+  Nfd7  24. Be3  Qa5+ 
25. c3  O-O  26. O-O  Rc8  27. Qb7  Nc5  28. Qe7 
Nb3  29. Ra3  Nc4  30. Rxb3
 Nxe3  31. Rb7  Rf8  32. Rf3  Rd1+  33. Kf2 
Rd2+  34. Kxe3  Qd5  0-1

[Event "EM for hold 2023"]
[Site "Budva"]
[Date "2023.11.17"]
[Round "6.2"]
[White "Andersen, Mads"]
[Black "Pancevski, Filip"]
[Result "1/2-1/2"]
[WhiteElo "2612"]
[BlackElo "2441"]
[WhiteFideId "1413864"]
[BlackFideId "15002187"]
[EventDate "2023.11.11"]
[EventType "team-swiss"]
[EventRounds "9"]
[EventCountry "MNE"]
[SourceTitle "Live from Chess24"]
[WhiteTeam "Denmark"]
[BlackTeam "North Macedonia"]
[WhiteTeamCountry "DEN"]
[BlackTeamCountry "MKD"]

1. e4  e5  2. Nf3  Nc6  3. Bb5  a6  4. Ba4  Nf6
 5. O-O  Be7  6. Re1  b5  7. Bb3  d6  8. c3
 O-O  9. h3  Na5 
10. Bc2  c5  11. d4  Qc7  12. d5  c4  13. b4 
cxb3  14. axb3  Bd7  15. Bd3
 Rfc8  16. Be3  Ne8  17. Re2  Nb7  18. b4 
Nd8  19. Rc2  Qb7  20. g4  g6  21. Nbd2  f5  22.
gxf5  gxf5  23. exf5  Nf7  24. Nh2  Nf6  25. Ne4 
Qxd5  26. Nxf6+  Bxf6  27. Ng4
 Bh4  28. f3  Bc6  29. Kh2  Qxf3  30. Qg1 
Kh8  31. Rf1  Qd5  32. Rd2  Qb3  33. Bb1  Qxc3  34.
Ba2  Ng5  35. Rxd6  Rc7  36. Rxc6  Rxc6  37. Bd5  Rd8  38. Bxc6  Qxc6 
39. Nxe5  Qc7  40. Bf4  Qc2+
 41. Qg2  Qxg2+  42. Kxg2  Kg8  43. Ra1  Rf8  44.
Ng4  Ra8  45. Rc1  Nf7  46. Rc7  h5  47. Ne3 
Rd8  48. Kf3  Rd4  49. Nc2  Rd3+  50. Ke4  Rxh3 
51. Rc6  Rb3  52. Rxa6  Rc3
 53. Ne3  Bf2  54. Nd5  Rc4+  55. Kf3  Bd4  56.
Ra5  Be5  57. Bxe5  Nxe5+  58. Kg3  h4+  59. Kh3 
Nf3  60. Ra8+  Kf7  61. Ra7+
 Kf8  62. Ra8+  Kf7  63. Ra7+  Kf8  1/2-1/2